| 000 | 00902nam a22002297a 4500 | ||
|---|---|---|---|
| 999 |
_c22632 _d22632 |
||
| 003 | AR-CdUCM | ||
| 008 | 190427b ||||| |||| 00| 0 spa d | ||
| 020 | _a9789972339349 | ||
| 040 |
_aMUNICIPALIDAD PROVINCIAL DEL CUSCO _cBIBLIOTECA MUNICIPAL DEL CUSCO |
||
| 082 |
_a353.28/H10 _bH10 |
||
| 245 |
_aHistoria y memorias de las tres fronteras Brasil, Perú y Bolivia / _cGrupo Frontera |
||
| 260 |
_aCusco : _bAlpha, _c2009. |
||
| 300 |
_a232 paginas. : _bilustraciones ; _c24 cm. |
||
| 505 | _aContenido: Aproximaciones teóricas a las fronteras. -- Consecuencias de la colonización en los pueblos amazónicos. -- Los colonizadores conforman fronteras. ... | ||
| 650 |
_aEstudios amazónicos _9901 |
||
| 650 |
_aPueblos indígenas _96988 |
||
| 650 |
_aAmazonía _93433 |
||
| 700 |
_aParedes Pando, Oscar _eeditor _914521 |
||
| 710 |
_aGrupo Frontera _948704 |
||
| 942 |
_2ddc _cLIBROS |
||
| 945 | _arac | ||